00582 a2200181 4500003000400000005001700004008004100021020001500062040000900077082001900086100002700105245003000132260003900162300000900201942004400210952012900254999001700383OSt20231220120856.0231220b |||||||| |||| 00| 0 eng d a8170554934 coclc a891.433bKAN/P aKannan, Lakshmi910184 aPARTAIN /cLakshmi Kannan aNew Delhi:bVani Prakashan,c1996. a187p 2ddccBKh891.433iKAN/Pk891.433mKAN/P 00102ddc40708FICaMESbMEScHINd2023-12-20l0o891.433 KAN/Pp43139r2023-12-20 12:09:56v150.00w2023-12-20yBKzGR7R1 c43505d43505